LEADER 01822nam 2200601 450 001 9910452511903321 005 20200520144314.0 010 $a600-00-4761-4 035 $a(CKB)2550000001100559 035 $a(EBL)3002525 035 $a(SSID)ssj0000973253 035 $a(PQKBManifestationID)12338033 035 $a(PQKBTitleCode)TC0000973253 035 $a(PQKBWorkID)10978827 035 $a(PQKB)10703835 035 $a(MiAaPQ)EBC3002525 035 $a(Au-PeEL)EBL3002525 035 $a(CaPaEBR)ebr10907752 035 $a(OCoLC)891386738 035 $a(EXLCZ)992550000001100559 100 $a20140830h20042004 uy 0 101 0 $aeng 135 $aur|n|---||||| 181 $ctxt 182 $cc 183 $acr 200 10$aWork overload! $eredesigning jobs to minimize stress and burnout /$fFrank M. Gryna ; acquisitions editor, Annemieke Hytinen ; project editor, Paul O'Mara 210 1$aMilwaukee, Wisconsin :$cASQ Quality Press,$d2004. 210 4$d©2004 215 $a1 online resource (232 p.) 300 $aDescription based upon print version of record. 311 $a0-87389-624-6 320 $aIncludes bibliographical references and index. 606 $aJob stress 606 $aWork and family 606 $aWork$xPsychological aspects 606 $aWork$xPhysiological aspects 608 $aElectronic books. 615 0$aJob stress. 615 0$aWork and family. 615 0$aWork$xPsychological aspects. 615 0$aWork$xPhysiological aspects. 676 $a158.7/2 700 $aGryna$b Frank M.$02662 702 $aHytinen$b Annemieke 702 $aO'Mara$b Paul 801 0$bMiAaPQ 801 1$bMiAaPQ 801 2$bMiAaPQ 906 $aBOOK 912 $a9910452511903321 996 $aWork overload$92072295 997 $aUNINA LEADER 02877nam1 22004693i 450 001 PUVE001982 005 20251003044318.0 100 $a20061020d1751 ||||0itac50 ba 101 | $alat 102 $ait 181 1$6z01$ai $bxxxe 182 1$6z01$an 183 1$6z01$anc$2RDAcarrier 200 1 $aElementa physicæ conscripta in usus academicos a Petro van Musschenbroek quibus nunc primum in gratiam studiosæ juventutis accedunt ab alienis manibus ubique auctaria & notæ, disputatio physico-historica de rerum corporearum origine, ac demum de rebus c?lestibus tractatus. Tomus primus [-secundus] 205 $aEditio altera neapolitana 210 $aNeapoli$ctypis Benedicti, et Ignatii Gessari$d1751 215 $a2 volumi$cill.$d8° 300 $aL'indicazione dei tomi segue l'indicazione di edizione 300 $aSui frontespizi marca con motti: Semper eadem. Vulgo caeca vocor video sed acutius ipso 300 $aIllustrazioni di De Grado Filippo 300 $aVariante B: marca calcografica sottoscritta da Filippo de Grado (putti che suonano in volo mentre sostengono un ovale con il motto, in basso due sfingi accovacciate. Motto: terar dum prosim) sui frontespizi . 463 1$1001CAGE007696$12000 $a1: Tomus primus$v1 463 1$1001PUVE001983$12000 $a2: Tomus secundus$v2 620 $aIT$dNapoli$3TO0L002386 700 1$aMusschenbroek$b, Petrus : van$f <1692-1761>$3FOGV027460$4070$055178 702 1$aDe Grado$b, Filippo$f $3PUVV267900$4350 712 02$aGessari, Benedetto & Gessari Ignazio$3TO0V390290$4650 790 1$aMusschenbroekius$b, Petrus : van$3USMV817692$zMusschenbroek, Petrus : van <1692-1761> 790 1$aMusschenbroek$b, Peter : van$3USMV817693$zMusschenbroek, Petrus : van <1692-1761> 790 1$aMuschenbroek$b, Peter : van$3USMV817694$zMusschenbroek, Petrus : van <1692-1761> 791 02$aGessari, Ignazio & Gessari, Benedetto fratelli$3VEAV047611$zGessari, Benedetto & Gessari Ignazio 801 3$aIT$bIT-000000$c20061020 850 $aIT-BN0095 $aIT-AV0003 $aIT-NA0079 901 $bNAP AR$cF. ANTICO $n$ 901 $bNAP BN$cBIB. PROV.$nLa consegna dei documenti è effettuata dall'Ufficio Distribuzione 901 $bNAP BN$cV.F. $nLa consegna dei documenti è effettuata dall'Ufficio Distribuzione 901 $bNAP 01$cDEMARCO $n$ 912 $aPUVE001982 950 1$aBiblioteca Centralizzata di Ateneo$bv. 1$c1 esemplare, v. 1$d 01DEMARCO FONDO RARI B 33 977 $a 01$a AR$a BN 996 $aElementa physicæ conscripta in usus academicos a Petro van Musschenbroek quibus nunc primum in gratiam studiosæ juventutis accedunt ab alienis manibus ubique auctaria & notæ, disputatio physico-historica de rerum corporearum origine, ac demum de rebus c?lestibus tractatus. Tomus primus$93551736 997 $aUNISANNIO